[Event "Cannes NAO Masters"]
[Site "Cannes"]
[Date "2002.02.23"]
[Round "2"]
[White "Leko, Peter"]
[Black "Morozevich, Alexander"]
[Result "1-0"]
[WhiteElo "2713"]
[BlackElo "2742"]
[Annotator "Kostakiev,D"]
[PlyCount "91"]
[EventDate "2002.02.22"]
[EventType "tourn"]
[EventRounds "9"]
[EventCountry "FRA"]
[EventCategory "18"]
[SourceTitle "CBM 088"]
[Source "ChessBase"]
[SourceDate "2002.03.21"]
[SourceVersion "1"]
[SourceVersionDate "2002.03.21"]
[SourceQuality "1"]

1. e4 e5 2. Nf3 Nc6 3. Bb5 a6 4. Ba4 Nf6 5. O-O b5 6. Bb3 Bc5 7. a4 Rb8 8. c3
d6 9. d4 Bb6 10. Na3 O-O 11. axb5 axb5 12. Nxb5 Bg4 (12... exd4 {1-0 Anand,
V-Piket,J/Dortmund 2000/CBM 78/[Wedberg] (28) Wedberg}) 13. Bc2 {'Wedberg:
''N' Shirov. '' 'Wedberg: 'The possibilities are many and quite bewildering.
One is desperately looking for principles in a maze of tactics. The play
evolves around Black's quest for compensation for the P. White is often forced
to give the P back, but then he can usually get a slightadvantage in some
other form - like e.g. the pair of B:s in an open position.''} (13. Re1 {
Wedberg} Bxf3 14. gxf3 {1-0 Svidler,P-Shirov,A/Linares 1998/CBM 64/ [Svidler] 
(37) This must be considered a concession - even though Svidler manged to
prove the g-file to be a great asset in his win against Shirov.} (14. Qxf3 exd4
15. cxd4 Nxd4 16. Nxd4 Bxd4 $13)) (13. Be3 {1-0 Nijboer,F-Piket,J/Hoogovens
1998/ (35) Wedberg}) (13. Ra4 $5 {Wedberg} Re8 (13... exd4) 14. d5 Ne7 15. Bc2
Ng6 16. h3 Bd7 17. c4 $14 {1-0 Iordachescu,V-Sofronie,I/Bucharest 2000/CBM 77 
(36)}) (13. Be3 {(Wedberg) Almasi-Onischuk, Wijk an Zee 1995}) (13. h3 Bxf3 14.
Qxf3 exd4 15. cxd4 Bxd4 16. Ba4 Ne5 17. Qf5 $14) 13... h6 {'N' 'Wedberg: ''!?'
Shirov. ''} (13... exd4 {1-0 Kunte,A-Ganguly,S/Calcutta 2001/CBM 82/[Wedberg] 
(29) (Wedberg) '!?' Shirov.}) (13... d5 {Wedberg}) 14. d5 $146 (14. dxe5 Nxe5
15. Nbd4 d5 {1-0 Topalov,V-Morozevich,A/Cannes FRA 2002 (33)} (15... Bxd4 16.
cxd4 Nxf3+ 17. gxf3 Bh3 18. Re1 $14)) (14. Re1) 14... Ne7 $14 15. h3 Bh5 16.
Kh1 Nxe4 $5 (16... Ra8) 17. Bxe4 f5 18. Bc2 Qe8 $2 (18... e4 $142 $1 19. g4 (
19. Nbd4 Bxd4 20. Qxd4 exf3) 19... fxg4 20. Nh2 Rxf2 $1 (20... g3 21. Qxh5 Bxf2
(21... gxh2 22. Bxe4 $18) 22. c4 $18) 21. Rxf2 Bxf2 22. hxg4 Bg6 23. Qe2) 19.
Ba4 $18 e4 20. Nxc7 Qf7 21. Ne6 exf3 22. gxf3 Qf6 23. Nxf8 Rxf8 24. Bb5 Qh4 25.
Kg2 g5 (25... Ng6 $142 26. Ra4 Qf6) 26. Ra4 f4 27. Bd7 Ng6 28. Re4 Ne5 29. Rxe5
dxe5 30. Qd3 Kg7 31. Qe4 Bc7 32. Bf5 Rf6 33. c4 Bf7 34. c5 h5 35. d6 g4 36.
fxg4 Bg6 37. Rg1 Bd8 38. Qxe5 f3+ 39. Kxf3 Qxh3+ 40. Ke2 hxg4 41. Rxg4 Qh5 42.
Bg5 Bxf5 43. Bxf6+ Kf7 44. f3 $1 {[} Bxg4 $140 45. Qxh5+ Bxh5 46. Bxd8 $18 {]}
1-0

[Event "Grenke Chess Classic 6th"]
[Site "Karlsruhe/Baden Baden"]
[Date "2019.04.21"]
[Round "2"]
[White "Vallejo Pons, Francisco"]
[Black "Carlsen, Magnus"]
[Result "0-1"]
[WhiteElo "2693"]
[BlackElo "2845"]
[Annotator "Krasenkow,M"]
[PlyCount "146"]
[EventDate "2019.04.20"]
[EventType "tourn"]
[EventRounds "9"]
[EventCountry "GER"]
[EventCategory "19"]
[SourceTitle "CBM 190"]
[Source "ChessBase"]
[SourceDate "2019.06.30"]
[SourceVersion "1"]
[SourceVersionDate "2019.06.30"]
[SourceQuality "1"]

{[%evp 0,146,38,42,40,11,25,8,16,3,-12,10,11,12,74,44,24,24,17,23,5,12,21,-3,
18,16,9,4,2,22,27,19,19,25,16,26,14,16,16,34,43,-8,27,-4,7,9,10,15,17,-4,0,-6,
-16,-20,5,-1,25,19,11,31,25,34,66,48,52,67,48,-17,-26,-26,-16,-31,-29,-50,-20,
-200,-72,-89,-109,-174,-194,-198,-171,-110,-103,-101,-85,-96,-103,-93,-93,-162,
-173,-208,-193,-187,-171,-208,-193,-196,-196,-204,-200,-195,-192,-208,-211,
-207,-197,-206,-207,-209,-207,-207,-216,-222,-208,-233,-229,-229,-222,-222,
-222,-222,-204,-222,-206,-193,-194,-204,-188,-249,-251,-203,-246,-517,-517,
-517,-517,-517,-517,-517,-517,-517,-517,-29992,-29978,-29979,-797]} 1. e4 e5 2.
Nf3 Nc6 3. Bb5 a6 4. Ba4 Nf6 5. O-O Bc5 6. c3 O-O 7. d4 Ba7 8. dxe5 Nxe4 9. Bc2
(9. Qd5 {is the main move in this position. A recent example from the World
Champion's practice:} Nc5 10. Bc2 Ne7 11. Qd1 d5 12. exd6 Qxd6 13. Qxd6 cxd6
14. Rd1 (14. Re1 Re8 15. Be3 Bf5 16. Na3 Bxc2 17. Bxc5 dxc5 18. Nxc2 Nc6 $11 {
1/2 (84) Vachier Lagrave,M (2780)-Fressinet,L (2640) Brest 2019}) 14... Bg4 $5
15. Rxd6 Bf5 $1 16. Na3 Ne4 17. Bxe4 Bxe4 18. Rd1 Nf5 19. Nc4 Rfe8 20. Be3 Bxe3
21. Nxe3 Nxe3 22. fxe3 Bxf3 23. gxf3 Rxe3 24. Rd7 Rb8 $11 {1/2 (41) Karjakin,S
(2782)-Carlsen,M (2843) Stavanger 2018}) 9... d5 10. exd6 Nxd6 11. Bg5 f6 12.
Bf4 g5 $5 $146 {A curious concept. Magnus Carlsen complicates (disbalances)
the position. There have been two old games which continued:} (12... Bg4 13.
Qd3 Bf5 14. Qd5+ Kh8 15. Bxf5 Ne7 16. Qb3 Nexf5 17. Nbd2 Qd7 18. Rad1 Qc6 $11 {
1-0 (62) Gurnhill,C-Blake,J Edinburgh 1926}) (12... Kh8 13. Bxd6 cxd6 14. Qd5
Ne5 15. Nbd2 Bd7 $6 (15... Qc7) 16. Qxd6 $6 (16. Nxe5 fxe5 (16... dxe5 17. Qxb7
Bb5 18. Rfd1 Be2 $2 19. Qe4) 17. Qxb7 $16 Bb5 $140 $2 18. c4) 16... Bb5 17.
Qxd8 Raxd8 18. Rfe1 Ng4 19. Nd4 Rxd4 $1 20. cxd4 Bxd4 $44 {0-1 (35) Horn,
C-Gabinara,A San Marino 1950}) 13. Bxd6 (13. Bg3 f5 $5 14. Qd5+ Nf7 $1 15. Qxd8
Rxd8 16. Bxc7 $140 $2 Rd7 17. Bg3 f4) 13... Qxd6 14. Qxd6 cxd6 15. Nbd2 (15.
Bb3+ $5 Kg7 16. Na3 {preventing ...d6-d5} Bg4 $1 17. Bd5 Rae8 $13) 15... g4 (
15... d5 $142 $13) 16. Nh4 d5 17. Nf5 (17. Rfe1 $142 d4 (17... Bd7 18. Bb3) 18.
Rad1 {creating a kind of domination in the centre but that was not easy to
evaluate!}) 17... d4 18. Nc4 Bxf5 19. Bxf5 h5 $11 {The position is roughly
equal but complicated enough for the World Champion to outplay his opponent.}
20. Rad1 Rfd8 21. a4 Ne7 22. Be6+ Kg7 23. Rfe1 f5 24. Na5 Rab8 25. Kf1 Kf6 26.
Bb3 Ng6 27. Re6+ Kg5 28. g3 dxc3 29. bxc3 Rxd1+ 30. Bxd1 {[%mdl 4096]} Rd8 31.
f4+ $5 gxf3 32. Bxf3 h4 33. Nc4 (33. Bxb7 Rd2 34. gxh4+ Nxh4 35. Rxa6 $13 {
looked too risky to White but after the text move the initiative firmly
belongs to Black.}) 33... hxg3 34. hxg3 Bb8 35. Kg2 b5 36. axb5 axb5 37. Ne3 $2
(37. Na3 $1 f4 38. Be4 Nf8 39. Rb6 fxg3 40. Rxb5+ Kf4 41. Rd5 Re8 42. Bf3 Ng6
43. Rd4+ Kf5 44. Nc4 $11) 37... Rd2+ (37... f4 $1 38. Be4 Nf8 39. gxf4+ Bxf4
40. Rb6 Bxe3 41. Rxb5+ Kf4 $17) 38. Kh3 Rd3 39. Be2 Rxc3 40. Bxb5 f4 41. Be8
Nf8 42. Rb6 Be5 (42... fxe3 43. Rxb8 e2 44. Rb1 Re3 45. Re1 Rxe8 46. Kg2 $11 {
[%cal Yg2f2,Ye1e2]}) 43. Nf1 fxg3 44. Rc6 Ra3 45. Rb6 Ra2 46. Rb4 Ne6 47. Rg4+
Kf6 48. Bc6 $2 (48. Rxg3 $1 Bxg3 (48... Ng5+ 49. Kg4) 49. Kxg3 {is a
theoretical draw while "R+B vs B+N" is theoretically won in case of
opposite-coloured bishops. True, that position is very difficult. I failed to
score a victory against GM Kivanc Haznedaroglu in a similar situation but
Magnus Carlsen manages it much better.}) 48... g2 $1 49. Bxg2 Nf4+ 50. Rxf4+
Bxf4 51. Bf3 Bb8 52. Ng3 Kg5 53. Ne2 Bc7 54. Kg2 Kh4 55. Kf2 Bb6+ 56. Ke1 Be3
57. Kd1 Kg5 58. Be4 Kf6 59. Bf3 Ke5 60. Bg2 Kd6 61. Be4 Kc5 62. Bf5 Rd2+ 63.
Ke1 Rd8 64. Be4 Kc4 65. Kf1 $6 ({This endgame is almost impossible to explain.
For some reason,} 65. Ng3 {was better. If} Re8 {then} 66. Bg6) 65... Rf8+ 66.
Ke1 $2 ({And here the stalemate trick} 66. Kg2 $3 Rf2+ 67. Kh1 $3 {was White's
last chance to continue resistance.} Rxe2 $4 68. Bd3+ $1 Kxd3 $11) 66... Bf2+
$1 {Black forces White's king to the a1 corner and mates it there.} 67. Kd2 (
67. Kf1 Bc5+ 68. Ke1 Bb4+ 69. Kd1 Rd8+ 70. Kc1 Bd2+ 71. Kc2 Be3 {leads to the
same outcome.}) 67... Rd8+ 68. Kc2 Be3 69. Bf3 Rd2+ 70. Kb1 Kb3 71. Nc1+ Ka3
72. Ne2 Rb2+ 73. Ka1 Rb8 {[%cal Re3g5,Rg5f6]} 0-1

[Event "New Delhi Amity Challenge"]
[Site "New Delhi"]
[Date "2006.12.18"]
[Round "2"]
[White "Negi, Parimarjan"]
[Black "Lagno, Kateryna"]
[Result "0-1"]
[WhiteElo "2538"]
[BlackElo "2495"]
[Annotator "Lagno,K"]
[PlyCount "90"]
[EventDate "2006.12.17"]
[EventType "match"]
[EventRounds "18"]
[EventCountry "IND"]
[SourceTitle "CBM 115 Extra"]
[Source "ChessBase"]
[SourceDate "2007.01.10"]
[SourceVersion "1"]
[SourceVersionDate "2007.01.10"]
[SourceQuality "1"]

1. e4 e5 2. Nf3 Nc6 3. Bb5 a6 4. Ba4 Nf6 5. O-O b5 6. Bb3 Bc5 7. a4 Rb8 8. c3
d6 9. axb5 axb5 10. d4 Bb6 11. Qd3 $5 {This came as a surprise for me; I had
to work at the board. White's idea to take the b5-pawn with the queen instead
of the typical Na3xb5 looks peculiar, but in many cases White suffers because
of the knight's position on b5, while retreating the queen is much easier.
Moreover, the knight on d2 is of use in the centre and on the king's flank.
Dies kam als Überraschung für mich; ich musste am Brett arbeiten. Die Idee von
Weiß, den b-Bauern mit der Dame statt des typischen Na3xb5 zu nehmen, sieht
eigenartig aus, doch in vielen Fällen leidet Weiß aufgrund der
Springerstellung auf b5, während ein Rückzug der Dame viel leichter ist.
Außerdem ist der Springer auf d2 von Nutzen im Zentrum und auf der Königsseite.
} Bd7 {I am not sure how I should rate this move. The move 11...Bd7
practically forces White to play Na3 (otherwise why did he play Qd3) and the
b5 pawn is doomed. But, as has been shown in practice, White does not always
manage to neutralize his opponent's counterplay without losses. Ich bin nicht
sicher, wie ich diesen Zug bewerten soll. Der Zug 11...Bd7 zwingt Weiß
praktisch zu Na3 (wieso hat er sonst Qd3 gespielt) und der b5-Bauer ist
verloren. Doch wie die Praxis gezeigt hat, gelingt es Weiß nicht immer, das
Gegenspiel seines Antipoden ohne Verluste zu neutralisieren.} ({Much more
logical seems Logischer wirkt} 11... O-O {which I did in the next black game,
but after , was ich in der nächsten Partie spielte, doch nach} 12. Bg5 h6 13.
Bxf6 Qxf6 14. Qxb5 Na7 15. Qa4 {I could not solve all the opening problems.
konnte ich nicht alle Eröffnungsprobleme lösen.}) 12. Na3 O-O 13. Bg5 h6 14.
Bh4 Qe7 $146 {A novelty. In the game Shabalov-Friedel Black played the too
risky 14...g5 - and although after 15.Nxg5! the game ended peacefully I think
that White's game can be improved upon. This most likely was done by my
opponent at home, considering the fact that he did not spend more than a
minute till here. The queen's move is more reliable. I am both attacking on e4
and freeing the d8 square for the knight, on the immediate 14...Bg4 I did not
like 15.Bd5. Eine Neuerung. In der Partie Shabalov-Friedel spielte Schwarz das
zu riskante 14...g5 - und obwohl nach 15.Nxg5! die Begegnung friedlich endete,
denke ich, dass sich das Spiel von Weiß verbessern lässt. Dies hatte mein
Genger höchstwahrscheinlich zu Hause getan, angesichts der Tatsachte, dass er
bis hier nicht mehr als eine Minute verbrauchte. Der Damenzug ist
verlässlicher. Ich greife e4 an und räume gleichzeitig das Feld d8 für den
Springer; an dem sofortigen 14...Bg4 missfiel mir 15.Bd5.} (14... g5 15. Nxg5
$1 hxg5 16. Bxg5 exd4 17. Rae1 Kg7 18. f4 Be6 19. Kh1 Rh8 20. h3 Qd7 21. e5 Nh5
22. f5 Bxf5 23. Bf6+ Kf8 24. Rxf5 Qxf5 25. Qxf5 Ng3+ 26. Kh2 Nxf5 {1/2-1/2
Shabalov,A (2593)-Friedel,J (2425)/Minneapolis 2005/CBM 107 (59)}) 15. Rfe1 Bg4
16. Qxb5 ({Interesting was Interessant war} 16. Bd5 $5 Nd8 17. Nc2 Ne6 18. Nb4
Nf4 19. Qd1 Bd7 20. Bc6 {and White is better. und Weiß steht besser.}) 16...
Bxf3 17. Qxc6 {During the game I thought that White needs to take 17.gxf.
Während der Partie dachte ich, dass Weiß 17.gxf nehmen muss.} (17. gxf3 g5 ({
on which I considered ideas like wonach ich an Ideen überlegte wie} 17... Qd7
$6 18. Ba4 ({or oder} 18. Bxf6 gxf6 19. Ba4 Qh3 20. Qxc6 $2 Kh8 $19) 18... Qh3
{Of course, from White's side these lines are not compulsory; he obtains an
edge after Natürlich sind diese Abspiele aus weißer Sicht nicht erzwungen; er
erhält ein Plus nach} 19. Bxf6 (19. Bg3 $6 Ne7 20. dxe5 $2 Bxf2+ $1 21. Kxf2 (
21. Bxf2 Rxb5 22. exf6 Rg5+) 21... Rxb5 22. exf6 Rxb2+ $19) 19... gxf6 20. Qf1)
18. Bg3 Nd8 $44 19. Nc2 $14) 17... g5 $1 18. Bg3 Bg4 19. Qc4 $2 {A serious
mistake! White did not have to permit the b6 bishop's activation at any rate.
I guess that he had to retreat the bishop from b3 to c2 (the d4-pawn is not
hanging because of e5), and just after that to return with the queen: Ein
ernster Fehler! Weiß brauchte die Aktivierung des Läufers b6 keinesfalls
zuzulassen. Ich schätze, er hätte den Läufer von b3 nach c2 zurückziehen (der
d4-Bauer hängt nicht wegen e5) und erst danach mit der Dame zurückkehren
sollen:} (19. Bc2 h5 20. h3 Bd7 21. Qc4 h4 22. Bh2 g4 23. Qd3 $14 {; however
Black has good counter-chances here. allerdings hat Schwarz hier gute
Gegenchancen.}) 19... Be6 $1 20. d5 Bd7 {White's task is already quite
difficult, while Black has a clear plan on the kingside. Die weiße Aufgabe ist
bereits schwierig, während Schwarz einen klaren Plan am Königsflügel hat.} 21.
Ba4 {Logical move - White wants to exchange his useless bishop. Logischer Zug
- Weiß will seinen nutzlosen Läufer tauschen.} (21. Bd1 {could not stop
Black's play: konnte das schwarze Spiel nicht aufhalten:} h5 22. h3 h4 23. Bh2
g4 {etc. usw.}) 21... Bxa4 {Possible was the immediate 21...h5 but I did not
want to take away my queen or knight from their planned routes. Moreover, this
capture drives away White's queen from the kingside.  Möglich war das
sofortige 21...h5, aber ich wollte Dame bzw. Springer nicht von ihrer
geplanter Route abziehen. Außerdem entfernt dieses Schlagen die weiße Dame vom
Königsflügel.} 22. Qxa4 h5 23. h3 (23. h4 Ng4 {was even worse. war sogar noch
schlechter.}) 23... h4 24. Bh2 g4 25. Kh1 $6 (25. Kf1 {looked very dangerous -
if Black should play f7-f5 and the king is going to be under attack. But White
had to take the risk and keep the f2-pawn. For example: sah sehr gefährlich
aus - falls Schwarz zu f7-f5 kommt, wird der König in einen Angriff geraten.
Aber Weiß musste das Risiko eingehen und den Bauern f2 behalten. Zum Beispiel:}
g3 $5 (25... gxh3 26. gxh3 Nh7 27. Nc4 Ng5 28. Nxb6 Rxb6 29. Qd1) 26. fxg3 Nh7
$5 ({In the case of Im Fall von} 26... hxg3 {White can defend by means of kann
sich Weiß verteidigen mit} 27. Bg1 $1 (27. Bxg3 $2 Nh5 28. Bh2 f5 $19) 27...
Nh5 (27... Nd7 $5 28. Bxb6 Nxb6 29. Qd1 f5 $13) 28. Bxb6 Rxb6 29. Qc2 f5 30.
exf5 Qg5 31. Kg1 Rxf5 32. Rf1 Nf4 33. Nc4 Rb8 34. Kh1 $13) ({and und} 26... Nd7
$5 {was quite interesting too. war ebenfalls recht interessant.}) 27. Nc4 (27.
g4 $6 Qf6+ 28. Ke2 Qf2+ 29. Kd1 Qxg2 $19) 27... hxg3 (27... Qf6+ 28. Ke2 Qf2+
29. Kd3 Qxg2 30. Nxb6 Rxb6 31. Re2 Qxh3 32. Bg1 $13) 28. Bxg3 Qf6+ 29. Ke2 Qg6
30. Bf2 Bxf2 31. Kxf2 Ng5 $36 {Black holds the initiative, but White can
defend. Schwarz behauptet die Initiative, doch Weiß kann sich verteidigen.})
25... Bxf2 26. Re2 g3 27. Qd1 {He returns the queen and prevents Nf6-h5
because of Re2xf2. Er zieht die Dame zurück und verhindert Nf6-h5 wegen Re2xf2.
} Bb6 $6 {This is a loss of an important tempo. Much better was 27...Ra8,
after which it is hard for White to find any useful move. Accomplishing the
manoeuvre Nc4-e3 with a queen on a1 is not nice. On 27...Ra8 I was embarrassed
by the move 28.Rxf2. But of course, this loses after 28...gxf 29.Qf3 Rfb8.
Dies verliert ein wichtiges Tempo. Viel besser war 27...Ra8, wonach es Weiß
sehr schwer fällt, nützliche Züge zu finden. Das Manöver Nc4-e3 mit einer Dame
auf a1 zu erreichen ist nicht schön. Auf 27...Ra8 missfiel mir der Zug 28.Rxf2.
Doch dies verliert natürlich nach 28...gxf 29.Qf3 Rfb8.} (27... Ra8 28. Rxf2 $2
gxf2 29. Qf3 Rfb8 $19) 28. Bg1 $8 Bxg1 29. Kxg1 Nh5 30. Nc4 Ra8 ({But now
probably I needed to hurry with Jetzt musste ich mich aber vermutlich beeilen
mit} 30... f5 $5 {and Black is better. und Schwarz steht besser.}) 31. Re1 Qg5
32. Qf3 $2 {A decisive mistake in time-trouble. He did not have to permit the
f7-f5 break in any case. White was obviously afraid of ghosts like 32.Ne3 Rxa1
33.Qxa1 Qf4 or Nf6, but after the correct 32.Ne3 Rxa1 33.Qxa1 it would be hard
for me to break through into the enemy's camp. Ein entscheidender Fehler in
Zeitnot. Er durfte keinesfalls den Hebel f7-f5 zulassen. Weiß hatte
offensichtlich Angst vor Gespenstern wie 32.Ne3 Rxa1 33.Qxa1 Qf4 or Nf6, doch
nach dem korrekten 32.Ne3 Rxa1 33.Qxa1 wäre es schwer für mich, ins
Feindeslager durchzudringen.} ({However, after Allerdings steht nach} 32. Ne3
$1 Rxa1 33. Qxa1 Nf6 34. Nc4 Kg7 $1 {Black's advantage is out of any doubt.
der Vorteil von Schwarz außer Frage.} ({while the hasty das überhastete} 34...
Qf4 $2 {gives White the chance to level the game by dagegen gibt Weiß die
Chance, die Partie auszugleichen, und zwar mit} 35. Rf1 $1 Qxe4 36. Rxf6 Qxc4
37. Qc1 $1 Ra8 38. Qg5+ Kf8 39. Rxf7+ $1 Kxf7 40. Qf5+ {with perpetual. mit
Dauerschach.})) 32... Rxa1 $1 33. Rxa1 f5 $1 {Black develops the initiative
without hindrance. Any endgame is advantageous for me thanks to the better
pawn structure and active pieces.  Schwarz entwickelt ungehindert die
Initiative. Jedes Endspiel ist vorteilhaft für mich dank der besseren
Bauernstruktur und den aktiven Figuren.} 34. exf5 (34. Ne3 fxe4 35. Qxe4 Nf4
36. Rf1 Qh5 $1 37. Re1 Qh7 $1 38. Qxh7+ Kxh7 $17) 34... Qxf5 $1 ({Much easier
than Viel einfacher als} 34... Rxf5 $6 35. Qg4 $1) 35. Qxf5 Rxf5 $19 36. Ne3 ({
White's trouble is also the fact that he can not escape with his king from the
corner: Zu den weißen Problemen kommt auch die Tatsache, dass er nicht mit dem
König aus der Ecke entfliehen kann:} 36. Rf1 Nf4 $1 37. Ne3 Ne2+ 38. Kh1 Rf2 $1
$19) 36... Rf2 $19 {Where the action is! It is all over now.  Hier spielt die
Musik! Jetzt ist alles vorbei.} 37. Ra8+ Kg7 38. Ra7 Re2 39. Rxc7+ Kg6 40. Nf1
Nf4 41. Rc8 Rxg2+ 42. Kh1 Rf2 43. Nxg3 hxg3 44. Rg8+ Kf5 45. Rxg3 Rxb2 {
White resigned. This was the only decisive encounter in the classical games.
Weiß gab auf. Dies war die einzige entschiedene Begegnung in den klassischen
Partien.} 0-1

[Event "Tilburg"]
[Site "Tilburg"]
[Date "1993.??.??"]
[Round "2"]
[White "Leko, Peter"]
[Black "Mozetic, Dejan"]
[Result "1/2-1/2"]
[WhiteElo "2555"]
[BlackElo "2580"]
[Annotator "Leko,P"]
[PlyCount "73"]
[EventDate "1993.11.??"]
[EventType "k.o."]
[EventRounds "7"]
[EventCountry "NED"]
[SourceTitle "CBM 039"]
[Source "ChessBase"]
[SourceDate "1994.04.01"]
[SourceVersion "1"]
[SourceVersionDate "1994.04.01"]
[SourceQuality "1"]

1. e4 e5 2. Nf3 Nc6 3. Bb5 a6 4. Ba4 Nf6 5. O-O b5 6. Bb3 Bb7 7. c3 Nxe4 8. d4
Na5 9. Bc2 exd4 10. Nxd4 c5 11. Nf5 Qf6 12. Nd2 $1 $146 {Almasi; 12.Qf3 Inf51/
324} d5 $8 (12... Nxd2 13. Re1+ $1 Ne4 14. Bxe4 O-O-O 15. Bxb7+ Nxb7 16. Ne3 d5
17. a4 $16) 13. Nxe4 dxe4 14. Ng3 Be7 15. Nxe4 Qc6 16. Qh5 $1 g6 (16... O-O $4
17. Nf6+) 17. Qe5 f6 18. Qg3 O-O 19. f3 $1 (19. b3 f5 $1 20. Ng5 f4 21. Qg4 Bc8
$13) 19... Rfe8 20. Nf2 $6 (20. Bf4 $1 Nc4 (20... Rad8 21. Bc7) 21. Bb3 $1 Kg7
22. Bxc4 bxc4 23. Rae1 Rad8 24. Re2 $16) 20... Bd6 $1 $8 (20... Bf8 21. h4 $16)
(20... Kg7 21. h4 $16) 21. Bf4 (21. Qh4 f5 22. Nh3 Qc7 23. Bf4 Re2 $10) 21...
Rad8 22. Rfe1 Bxf4 23. Qxf4 f5 24. Rad1 Rxe1+ 25. Rxe1 Re8 26. Qc1 (26. Rd1 $5)
26... Kg7 27. Nd3 c4 28. Nf4 Qb6+ 29. Kf1 Rxe1+ 30. Qxe1 Qd6 31. Qe3 Nc6 32. h4
Qe5 33. Kf2 Kf6 34. Ne2 Qxe3+ 35. Kxe3 Ke5 36. f4+ Kd6 37. g3 $10 1/2-1/2